000 00938nam a2200289 i 4500
003 EG-GICUC
005 20260307071407.0
008 260307s1953 ne ||fr|||| 000 0 eng d
040 _aEG-GiCUC
_beng
_cEG-GiCUC
_dEG-GiCUC
_erda
041 0 _aeng
082 0 4 _221
_a341.65
_bWI . C
092 0 4 _221
099 _aLaw1 11 341.65 WI . C 1953
100 1 _aWilhelm, René-jean
_eAuthor.
245 1 0 _aCan The Status Of Prisoners Of War Be Altered? /
_cRené-jean Wilhelm.
264 1 _a Geneva :
_bThe Revue Internationale De La Croix-rouge,
_c1953.
300 _a37 pages,
_c24 cm
336 _2rda content
_atext
337 _2rda media
_aComputer
338 _2rda carrier
_aOnline Resource
504 _aIncludes bibliographical references.
546 _aText in English
650 1 4 _aPublic international law
856 4 0 _uhttps://fll.law.cu.edu.eg/fulltext/bks/B11-08403.pdf
905 _a48
942 _2ddc
_cBK
_e21
_n0
999 _c65539
_d65539